书目信息 |
| 题名: |
独踞一方的海上力量
|
|
| 作者: | 张洋 , 马光辉 著 | |
| 分册: | ||
| 出版信息: | 北京 海洋出版社 1999 |
|
| 页数: | 287页 | |
| 开本: | 20cm | |
| 丛书名: | 海上军事强国丛书 | |
| 单 册: | ||
| 中图分类: | E153 | |
| 科图分类: | ||
| 主题词: | 武装力量--世界 , 海军--概况 , 兵种--世界 | |
| 电子资源: | ||
| ISBN: | 7-5027-4713-3 | |
| 000 | 00789nam2 2200265 45 | |
| 001 | 0403251049 | |
| 005 | 20040325103026.8 | |
| 010 | @a7-5027-4713-3@dCNY17.00 | |
| 100 | @a20040325d1999 km y0chiy0120 ea | |
| 101 | 0 | @achi |
| 105 | @a z 000yy | |
| 200 | 1 | @a独踞一方的海上力量@ADu Ju Yi Fang De Hai Shang Li Liang@e群雄逐海@EQun Xiong Zhu Hai@f张洋,马光辉著@FZhang Yang,Ma Guang Hui Zhu |
| 210 | @a北京@c海洋出版社@d1999 | |
| 215 | @a287页@d20cm | |
| 225 | @a海上军事强国丛书@v6 | |
| 410 | @12001 @a海上军事强国丛书 | |
| 517 | @a群雄逐海@AQun Xiong Zhu Hai | |
| 606 | 0 | @a武装力量@x世界 |
| 606 | 0 | @a海军@x概况 |
| 606 | 0 | @a兵种@x世界 |
| 690 | @aE153@v3 | |
| 701 | 0 | @a张洋@4著 |
| 701 | 0 | @a马光辉@4著 |
| 801 | @aCN@bTSTC@c20040325 | |
| 905 | @f5@b289859-863@dE153@e30 | |
| 独踞一方的海上力量:群雄逐海/张洋,马光辉著.-北京:海洋出版社,1999 |
| 287页;20cm.-(海上军事强国丛书;6) |
| ISBN 7-5027-4713-3:CNY17.00 |
| ● |
| 相关链接 |
|
|
|
|
正题名:独踞一方的海上力量
索取号:E153/30
 
预约/预借
| 序号 | 登录号 | 条形码 | 馆藏地/架位号 | 状态 | 备注 |
| 1 | 0289859 | 002898591 | 第一借阅区/ [索取号:E153/30] | 在馆 | |
| 2 | 0289860 | 002898608 | 密集书库/ [索取号:E153/30] | 在馆 | |
| 3 | 0289861 | 002898617 | 第一借阅区/ [索取号:E153/30] | 在馆 | |
| 4 | 0289862 | 002898626 | 密集书库/ [索取号:E153/30] | 在馆 | |
| 5 | 0289863 | 002898635 | 第一样本阅览室/ [索取号:E153/30] | 在馆 |